000 00379nam a22001577a 4500
003 MPLRDC
005 20220104125551.0
008 210129b ||||| |||| 00| 0 eng d
082 _a494.3 SJZJ
100 _a士井正己
245 _a自发性的人事管理
_c
260 _a
_b现代工商出版社
_c
300 _b
650 _a人事管理
942 _cBK
_o494.3 SJZJ
999 _c28387
_d28377